| 000 | 00000nam 2200000zi 4500 |
| 001 | 9.919291 |
| 003 | CaOODSP |
| 005 | 20250314084349 |
| 006 | m o d f |
| 007 | cr mn||||||||| |
| 008 | 230119t20232023onc o f000 0 fre d |
| 020 | |a9780660471815 |
| 040 | |aCaOODSP|bfre|erda|cCaOODSP |
| 041 | 0 |afre|aeng |
| 043 | |an-cn--- |
| 045 | |ay2y2 |
| 086 | 1 |aP54-3/2023F-1-PDF |
| 245 | 00|aSondage sur la rétroaction du service à la clientèle - #003 : |brapport d'analyse / |cpréparé pour Services publics et approvisionnement Canada, Secteur d'excellence des pensions. |
| 264 | 1|aOttawa, Ontario : |bServices publics et approvisionnement Canada = Public Services and Procurement Canada, |c2023. |
| 264 | 4|c©2023 |
| 300 | |a1 ressource en ligne (49 pages) + |esommaire (4 pages) |
| 336 | |atexte|btxt|2rdacontent/fre |
| 337 | |ainformatique|bc|2rdamedia/fre |
| 338 | |aressource en ligne|bcr|2rdacarrier/fre |
| 500 | |aPublié aussi en anglais sous le titre : Client service feedback survey - #003: analysis report. |
| 500 | |a« Février 2023. » |
| 500 | |a« Nom du fournisseur: Advanis Inc. » |
| 500 | |a« Numéro de contrat: EP082-212778/001/CY. » |
| 500 | |a« Numéro d'enregistrement: POR 130-20. » |
| 546 | |aTexte principalement en français; comprend du texte en anglais. |
| 610 | 16|aCanada. |bServices publics et approvisionnement Canada|xService à la clientèle|xOpinion publique. |
| 650 | 6|aFonctionnaires retraités|xServices|zCanada|xOpinion publique. |
| 650 | 6|aOpinion publique|zCanada. |
| 650 | 6|aFonctionnaires retraités|zCanada|xAttitudes. |
| 710 | 1 |aCanada. |bServices publics et approvisionnement Canada, |eorganisme de publication. |
| 710 | 2 |aAdvanis (Firme), |econsultant. |
| 775 | 08|tClient service feedback survey - #003 : |w(CaOODSP)9.919289 |
| 794 | |tSondage sur la rétroaction du service à la clientèle - #004 : |w(CaOODSP)9.921506 |
| 795 | |tSondage sur la rétroaction du service à la clientèle, #002.|w(CaOODSP)9.916018 |
| 856 | 40|qPDF|s985 Ko|uhttps://publications.gc.ca/collections/collection_2024/spac-pspc/P54-3-2023-fra-1.pdf|z(rapport d'analyse) |
| 856 | 40|qPDF|s326 Ko|uhttps://publications.gc.ca/collections/collection_2024/spac-pspc/P54-3-2023-fra-1-1.pdf|z(sommaire exécutif) |
| 856 | 4 |qHTML|sS.O.|uhttps://epe.lac-bac.gc.ca/100/200/301/pwgsc-tpsgc/por-ef/public_services_procurement_canada/2022/130-20-f/vague3/Rapport_003_130-20.html|z(rapport d'analyse) |
| 856 | 4 |qHTML|sS.O.|uhttps://epe.lac-bac.gc.ca/100/200/301/pwgsc-tpsgc/por-ef/public_services_procurement_canada/2022/130-20-f/vague3/sommaire/Sommaire_Executif_003_130-20.html|z(sommaire exécutif) |
| 856 | 4 |qHTML|sS.O.|uhttps://epe.lac-bac.gc.ca/100/200/301/pwgsc-tpsgc/por-ef/public_services_procurement_canada/2022/130-20-f/vague3/index.html|z(ensemble de données complet) |